MARC

LEADER 00000nam0a2200000 4500
001 273143
005 20231101234612.0
020 |a RU  |b 87-71644 
035 |a (RuTPU)RU\TPU\book\296352 
090 |a 273143 
100 |a 20141023d1987 k y0rusy5003 ca 
101 0 |a rus 
102 |a RU 
105 |a a z 001zy 
200 1 |a Химия и технология переработки эластомеров  |e межвузовский сборник научных трудов  |f Ленинградский технологический институт им. Ленсовета (ЛТИ) ; под ред. В. Н. Красовского 
210 |a Ленинград  |c Изд-во ЛТИ  |d 1987 
215 |a 174 с.  |c ил. 
320 |a Библиогр. в конце ст. 
606 1 |a Полимерные материалы  |2 stltpush  |3 (RuTPU)RU\TPU\subj\71702  |9 83717 
610 1 |a полимеры каучкоподобные 
610 1 |a химия 
610 1 |a технология 
610 1 |a переработка 
610 1 |a эластомеры 
610 1 |a вулканизация 
610 1 |a модифицирующие добавки 
675 |a 678.07  |z rus  |v 3 
702 1 |a Красовский  |b В. Н.  |g Владимир Николаевич  |4 340 
712 0 2 |a Ленинградский технологический институт им. Ленсовета (ЛТИ)  |2 stltpush  |3 (RuTPU)RU\TPU\col\1462 
801 0 |a RU  |b RuMRKP  |c 19950417  |g psbo 
801 1 |a RU  |b 63413507  |c 20141023 
801 2 |a RU  |b 63413507  |c 20170320  |g RCR 
942 |c BK